| 000 | 00832nam a22002657a 4500 | ||
|---|---|---|---|
| 003 | dpl | ||
| 005 | 20180522171517.0 | ||
| 008 | 180522b xxu||||| |||| 00| 0 eng d | ||
| 010 | _aB-094386 | ||
| 020 | _c325.00 | ||
| 035 | _aB-094386, B-94404 | ||
| 037 | _bCen Lib/Ret | ||
| 040 |
_aDPL _bEN _c0 |
||
| 082 |
_a921 _bJAS |
||
| 100 |
_aJasra, M.S. _927083 |
||
| 245 |
_aMemorable episodes of the great little son of India : _cby M.S. Jasra _bBharat Putra / |
||
| 250 | _a2nd ed | ||
| 260 |
_aNew Delhi _bLilliputians _c2005 |
||
| 270 |
_bNew Delhi _aGate No.4, Pragati Maidan _e110001 |
||
| 300 |
_a189p. : _c22cm(Hb) _bill. |
||
| 500 | _aIncludes index | ||
| 650 |
_aShastri, Lal Bahadur, -- 1904-1966 _927084 |
||
| 650 |
_aPrime ministers -- India -- Biography _974275 |
||
| 942 |
_2ddc _cEN _h921 _mJAS |
||
| 999 |
_c129668 _d129668 |
||